00547 2200205 4500001002100000005001700021008004100038035002400079082000800103090001600111100001700127245005800144260003000202300002500232650003600257850001200293980001500305985000600320999001500326YOGYA-0209000005915620090227034620.0 ind  0010-020900000059156 a817 a8176bMar L aMARQUIS, Don aThe lives and times of archy & mehitabelcDon Marquis aNew YorkbDoubledayc1934 a477 hlmbilusc18 cm aKesusastraan Amerika - Sindiran aYOPDYOG a05-08-2008 a1 aa000060048